[Event "IND-chB 52nd"]
[Site "Dharamshala"]
[Date "2014.05.09"]
[Round "1"]
[White "Adithya, S."]
[Black "Thejkumar, MS."]
[Result "0-1"]
[WhiteElo "1897"]
[BlackElo "2460"]
[PlyCount "106"]
[EventDate "2014.05.09"]
[EventType "swiss"]
[EventRounds "13"]
[EventCountry "IND"]
[SourceTitle "CBM 160 Extra"]
[Source "ChessBase"]
[SourceDate "2014.07.01"]
[SourceVersion "1"]
[SourceVersionDate "2014.07.01"]
[SourceQuality "1"]

1. d4 Nf6 2. Nf3 c5 3. e3 d5 4. c4 cxd4 5. exd4 Nc6 6. Nc3 Be6 7. Ne5 dxc4 8. Nxc6 bxc6 9. Qa4 Qd7 10. Bxc4 Bxc4 11. Qxc4 e6 12. Be3 Rb8 13. 0-0 Be7 14. b3 0-0 15. Rac1 Rfc8 16. Na4 Nd5 17. Nc5 Qd8 18. Rfd1 Qa5 19. Nd7 Rb4 20. Qe2 Rb7 21. Nc5 Rb5 22. a4 Rbb8 23. Bd2 Qd8 24. Qa6 Bxc5 25. Rxc5 Rxb3 26. Rxc6 Rxc6 27. Qxc6 Rd3 28. Qc4 Nf4 29. d5 Rd4 30. Qa6 Nxd5 31. Kf1 Nc3 32. Bxc3 Rxd1+ 33. Ke2 Rc1 34. Bd2 Rc2 35. Qd3 Qxd3+ 36. Kxd3 Rc6 37. Bc3 f6 38. Kc2 Kf7 39. Kb3 Ke7 40. Kb4 e5 41. Bd2 Kd7 42. Ka5 Kc7 43. Be3 Kb7 44. Kb5 Rc2 45. g3 f5 46. Kb4 g5 47. Kb3 Re2 48. Kc3 f4 49. gxf4 gxf4 50. Bc5 e4 51. Kd4 e3 52. fxe3 f3 53. Kd3 Rc2 0-1